000 01581nam0a2200361 4500
001 RU\NLR\bibl\1048630
005 20260531045458.0
021 _aRU
_b2006-87288
_94425
035 _a(nilc)RSL-KNO-003019884
035 _a(NLR Aleph) 001035962
090 _a788388
_c788388
100 _a20070117d2006 |||y0rusy50 ca
101 1 _arus
_cgre
102 _aRU
105 _ac zzzz|||||
106 _ar
200 1 _aДве крайности : экуменизм и зилотство
_eстатьи и письма
_fАрхимандрит Епифаний Феодоропулос
_g[пер. с греческого иеромонаха Агафангела (Легача)]
210 _aМосква
_cСвятая гора
_d2006
215 _a437 с.
_cпортр.
_d24
606 1 _aБогословие православное
_yГреция
_92439999
_3RU\NLR\auth\661451636
610 0 _aРелигия -- Христианство -- Православие -- История православной церкви -- Православие и экуменическое движение
610 0 _aэкуменизм
610 0 _aзилоты
686 _aЭ372-3-019.2,0
_2rubbk
686 _aЭ372.31-4
700 0 _4070
_8rus
_7ca
_aЕпифаний
_cФеодоропулос, Этеоклис
_cархимандрит
_f1930-1989
_3RU\NLR\auth\7720046
_93114
801 0 _aRU
_bРКП
_c20070117
_grcr
801 1 _aRU
_bРГБ
_c20070117
801 2 _aRU
_bNLR
_c20070220
_grcr
942 _cBOOK
980 _aNB